Wymień wszystkich mistrzów wagi średniej KSW. - Statystyki

Ogólne statystyki
  • Ten quiz został rozwiązany 37 razy
  • Średni wynik to 5 z 6
Statystyki odpowiedzi
ROK Mistrz % Poprawnych
2015-2018 Mamed Khalidov
97%
2020-2021 Mamed Khalidov
97%
2012-2015 Michał Materla
91%
2021-2022 Roberto Soldić
83%
2019-2020 Scott Askham
74%
2010-2011 Krzysztof Kułak
54%
Nie znaleziono quizów pasujących do podanych kryteriów
Rozkład punktacji
Procent ludzi z każdym wynikiem
Percentyl według liczby udzielonych odpowiedzi
Twoja historia wyników
Nie rozwiązałeś tego quizu